[Event "Doha AAB op 5th"]
[Site "Doha"]
[Date "2021.11.20"]
[Round "7"]
[White "Boydia, Sidi"]
[Black "De Joya, Yuri Evgeni"]
[Result "1-0"]
[WhiteElo "2040"]
[BlackElo "1399"]
[PlyCount "75"]
[EventDate "2021.11.12"]
[EventType "swiss"]
[EventRounds "7"]
[EventCountry "QAT"]
[SourceTitle "CBM 205 Extra"]
[Source "ChessBase"]
[SourceDate "2022.01.31"]
[SourceVersion "1"]
[SourceVersionDate "2022.01.31"]
[SourceQuality "1"]

1. d4 Nf6 2. Nc3 d5 3. Bf4 Bf5 4. f3 e6 5. g4 Bg6 6. h4 h6 7. e3 Bd6 8. Nh3 Nc6 9. h5 Bh7 10. Bd3 Bxd3 11. Qxd3 Qe7 12. 0-0-0 0-0-0 13. Qe2 Rhe8 14. Bxd6 Qxd6 15. f4 Ng8 16. Rhg1 f6 17. Kb1 Kb8 18. Nf2 Na5 19. Nd3 Nc4 20. b3 Nb6 21. Qf3 c6 22. g5 fxg5 23. fxg5 Nd7 24. e4 a6 25. gxh6 gxh6 26. Rg6 Qe7 27. exd5 exd5 28. Qg3+ Ka7 29. Re1 Qf7 30. Ne5 Nxe5 31. dxe5 Re6 32. Na4 Rde8 33. Rg7 Qf8 34. Qg1+ Kb8 35. Nc5 R6e7 36. Nd7+ Rxd7 37. Rxd7 Qf5 38. Qg7 1-0

[Event "Doha AAB op 5th"]
[Site "Doha"]
[Date "2021.11.19"]
[Round "6"]
[White "De Joya, Yuri Evgeni"]
[Black "De Joya, Florian"]
[Result "1-0"]
[WhiteElo "1399"]
[BlackElo "1766"]
[PlyCount "107"]
[EventDate "2021.11.12"]
[EventType "swiss"]
[EventRounds "7"]
[EventCountry "QAT"]
[SourceTitle "CBM 205 Extra"]
[Source "ChessBase"]
[SourceDate "2022.01.31"]
[SourceVersion "1"]
[SourceVersionDate "2022.01.31"]
[SourceQuality "1"]

1. d4 a6 2. Bf4 b5 3. Nf3 Bb7 4. e3 d6 5. c4 c6 6. Nbd2 Nf6 7. h3 g6 8. Qb3 Bc8 9. cxb5 axb5 10. Rc1 Be6 11. Qc2 Rxa2 12. Ng5 Qd7 13. Nxe6 Qxe6 14. Bxb5 cxb5 15. Qc8+ Qxc8 16. Rxc8+ Kd7 17. Rxb8 Ra1+ 18. Ke2 Rxh1 19. Rxb5 Bg7 20. Rb7+ Kd8 21. b4 Nd5 22. Bg5 f6 23. Bh4 Kc8 24. Ra7 Nc7 25. Nc4 Kb8 26. Ra5 Rb1 27. Ra4 Kb7 28. Kd3 Ra8 29. Na5+ Kb6 30. Nc4+ Kb5 31. Rxa8 Nxa8 32. Na3+ Kxb4 33. Nxb1 Nb6 34. f3 Na4 35. Be1+ Kb3 36. Nd2+ Kb2 37. Nc4+ Kc1 38. Bd2+ Kd1 39. e4 Bh6 40. f4 Bxf4 41. Bxf4 Ke1 42. Bg3+ Kf1 43. Ke3 Kxg2 44. Bf4 Kxh3 45. Bh6 g5 46. Bf8 g4 47. Bxe7 g3 48. Bxd6 g2 49. Kf2 h5 50. Kg1 h4 51. e5 fxe5 52. dxe5 Kg3 53. e6+ Kf3 54. e7 1-0